[Event "Hum na Sutli op 15th"]
[Site "Hum na Sutli"]
[Date "2023.08.29"]
[Round "5"]
[White "Rickovic, Tomislav"]
[Black "Hamer, Ivan"]
[Result "0-1"]
[WhiteElo "1706"]
[BlackElo "1873"]
[PlyCount "50"]
[EventDate "2023.08.26"]
[EventType "swiss"]
[EventRounds "9"]
[EventCountry "CRO"]
[SourceTitle "EXT 2024"]
[Source "ChessBase"]
[SourceDate "2023.10.10"]
[SourceVersion "1"]
[SourceVersionDate "2023.10.10"]
[SourceQuality "1"]

1. Nf3 b6 2. g3 Bb7 3. Bg2 e6 4. c4 f5 5. 0-0 Nf6 6. Nc3 Be7 7. d3 0-0 8. Qc2 d6 9. Ng5 Bxg2 10. Kxg2 Qc8 11. b3 Nc6 12. Bb2 Nd4 13. Qd2 Qb7+ 14. Nf3 e5 15. Nd1 c5 16. Ne3 f4 17. Nc2 Nxf3 18. exf3 g5 19. h3 h5 20. Rae1 g4 21. Bxe5 Qxf3+ 22. Kh2 dxe5 23. Rxe5 fxg3+ 24. Kg1 gxf2+ 25. Rxf2 Qg3+ 0-1

[Event "Krapina op 9th"]
[Site "Krapina"]
[Date "2019.01.17"]
[Round "1"]
[White "Kozina, Zdenko"]
[Black "Rickovic, Tomislav"]
[Result "1/2-1/2"]
[WhiteElo "1921"]
[BlackElo "1624"]
[PlyCount "77"]
[EventDate "2019.01.17"]
[EventType "swiss"]
[EventRounds "7"]
[EventCountry "CRO"]
[SourceTitle "CBM 188 Extra"]
[Source "ChessBase"]
[SourceDate "2019.02.26"]
[SourceVersion "1"]
[SourceVersionDate "2019.02.26"]
[SourceQuality "1"]

1. d4 d5 2. c4 e6 3. Nc3 Nf6 4. Nf3 Bb4 5. e3 0-0 6. Bd3 dxc4 7. Bxc4 b6 8. 0-0 Bb7 9. Bd3 Re8 10. Ne5 Nbd7 11. Qc2 c5 12. a3 Bxc3 13. bxc3 Nxe5 14. dxe5 Qd5 15. e4 Qxe5 16. f4 Qc7 17. c4 Nd7 18. e5 g6 19. Bb2 Rad8 20. h4 Qc6 21. h5 Nxe5 22. Bxg6 Nxg6 23. hxg6 fxg6 24. Rf2 Qe4 25. Qc3 Qd4 26. Qg3 Qd3 27. Qh4 Qf5 28. Re1 h5 29. Re5 Rd1+ 30. Kh2 Qb1 31. Qf6 Rh1+ 32. Kg3 Qd3+ 33. Re3 Qxe3+ 34. Rf3 h4+ 35. Kg4 Bxf3+ 36. Kg5 e5 37. Qxg6+ Kf8 38. Qf6+ Kg8 39. Qg6+ 1/2-1/2

[Event "CRO-chT U20 26th"]
[Site "Sv Filip i Jakov"]
[Date "2018.04.05"]
[Round "6.3"]
[White "Kanizaj, Benjamin"]
[Black "Rickovic, Tomislav"]
[Result "1/2-1/2"]
[WhiteElo "1940"]
[BlackElo "1622"]
[PlyCount "64"]
[EventDate "2018.04.03"]
[EventType "team-swiss"]
[EventRounds "11"]
[EventCountry "CRO"]
[SourceTitle "CBM 184 Extra"]
[Source "ChessBase"]
[SourceDate "2018.06.28"]
[SourceVersion "1"]
[SourceVersionDate "2018.06.28"]
[SourceQuality "1"]

1. e4 c6 2. d4 d5 3. e5 c5 4. c3 e6 5. Nf3 Nc6 6. Be3 cxd4 7. cxd4 Bd7 8. Nc3 Bb4 9. Rc1 Nge7 10. Bd3 Ng6 11. 0-0 a6 12. a3 Bxc3 13. Rxc3 Rc8 14. Ng5 0-0 15. f4 Nce7 16. Qh5 h6 17. Nxe6 Bxe6 18. f5 Nxf5 19. Bxf5 Rxc3 20. bxc3 Bxf5 21. Qxf5 Qe7 22. Bd2 Qe6 23. Qb1 b5 24. Qd3 Rc8 25. Rb1 Rc4 26. Rb4 Qg4 27. Qf3 Qxf3 28. gxf3 Rxb4 29. cxb4 Nh4 30. Kf2 Nf5 31. Be3 Kf8 32. f4 Ke7 1/2-1/2

[Event "CRO-chT U20"]
[Site "Sv Filip i Jakov"]
[Date "2017.04.23"]
[Round "7.1"]
[White "Zadravec, Matija"]
[Black "Rickovic, Tomislav"]
[Result "1-0"]
[WhiteElo "2119"]
[BlackElo "1636"]
[PlyCount "59"]
[EventDate "2017.04.18"]
[EventType "team-tourn"]
[EventRounds "7"]
[EventCountry "CRO"]
[SourceTitle "EXT 2019"]
[Source "ChessBase"]
[SourceDate "2018.10.10"]
[SourceVersion "1"]
[SourceVersionDate "2018.10.10"]
[SourceQuality "1"]

1. e4 e6 2. d4 d5 3. Nd2 dxe4 4. Nxe4 Nf6 5. Nxf6+ Qxf6 6. Nf3 h6 7. Bd3 Nc6 8. 0-0 Bd7 9. c3 Bd6 10. Qe2 0-0-0 11. b4 g5 12. b5 Ne7 13. c4 Rhg8 14. Rb1 b6 15. a4 Nf5 16. Qe4 Kb8 17. a5 Bc8 18. a6 g4 19. Ne5 Bxe5 20. dxe5 Qe7 21. Bb2 h5 22. Bc3 Qa3 23. Rfc1 h4 24. Be2 Nh6 25. Rc2 Qf8 26. Bb4 Qg7 27. c5 Nf5 28. cxb6 cxb6 29. Rbc1 g3 30. Rxc8+ 1-0

[Event "CRO-chT U20"]
[Site "Sv Filip i Jakov"]
[Date "2017.04.22"]
[Round "6.4"]
[White "Rickovic, Tomislav"]
[Black "Mainenti, Kevin"]
[Result "1/2-1/2"]
[WhiteElo "1636"]
[BlackElo "1816"]
[PlyCount "110"]
[EventDate "2017.04.18"]
[EventType "team-tourn"]
[EventRounds "7"]
[EventCountry "CRO"]
[SourceTitle "EXT 2019"]
[Source "ChessBase"]
[SourceDate "2018.10.10"]
[SourceVersion "1"]
[SourceVersionDate "2018.10.10"]
[SourceQuality "1"]

1. d4 d5 2. c4 c6 3. cxd5 cxd5 4. Nc3 Nf6 5. Nf3 Nc6 6. a3 a6 7. Bf4 e6 8. e3 Bd6 9. Bxd6 Qxd6 10. Bd3 0-0 11. 0-0 b5 12. b4 Bb7 13. Qe2 e5 14. dxe5 Nxe5 15. Nxe5 Qxe5 16. Nxb5 axb5 17. Bxb5 Ne4 18. Bd3 Qc3 19. f3 Nf6 20. Rfc1 Qe5 21. b5 Rfe8 22. Re1 Qd6 23. a4 Qb6 24. Qd2 Ra5 25. Kf2 Rea8 26. Qb4 Nd7 27. Rec1 Ne5 28. Be2 Re8 29. Rc3 Nc6 30. Qf4 d4 31. Rxc6 Bxc6 32. bxc6 dxe3+ 33. Kg1 Qxc6 34. Qb4 Qc5 35. Qxc5 Rxc5 36. Bb5 Rec8 37. Kf1 Rc1+ 38. Rxc1 Rxc1+ 39. Ke2 Rc3 40. a5 Ra3 41. a6 f5 42. f4 Kf7 43. Bd3 Ke6 44. Kxe3 Kd5 45. h3 h6 46. g4 fxg4 47. hxg4 Ra4 48. Bb5 Re4+ 49. Kf3 Re7 50. f5 Kc5 51. Bf1 Kb6 52. Kf4 Re1 53. Bd3 Rg1 54. Be2 Re1 55. Bd3 Rd1 1/2-1/2

[Event "CRO-chT U20"]
[Site "Sv Filip i Jakov"]
[Date "2017.04.19"]
[Round "2.1"]
[White "Rickovic, Tomislav"]
[Black "Simunic, Krunoslav"]
[Result "0-1"]
[WhiteElo "1636"]
[BlackElo "1947"]
[PlyCount "115"]
[EventDate "2017.04.18"]
[EventType "team-tourn"]
[EventRounds "7"]
[EventCountry "CRO"]
[SourceTitle "EXT 2019"]
[Source "ChessBase"]
[SourceDate "2018.10.10"]
[SourceVersion "1"]
[SourceVersionDate "2018.10.10"]
[SourceQuality "1"]

1. d4 d5 2. c4 e6 3. Nc3 Nf6 4. Bg5 Be7 5. Nf3 h6 6. Bh4 0-0 7. e3 b6 8. Qc2 Bb7 9. cxd5 Nxd5 10. Nxd5 exd5 11. Bxe7 Qxe7 12. Bd3 c5 13. 0-0 Rc8 14. Rac1 Nd7 15. Qd2 Qf6 16. Rfe1 Rc7 17. Bb5 Rac8 18. Bxd7 Rxd7 19. Rc3 Rdc7 20. Rec1 Qe7 21. Qc2 c4 22. a3 a5 23. Qb1 a4 24. Ne1 b5 25. Nc2 Qe4 26. Nb4 Qxb1 27. Rxb1 Re7 28. f3 Rce8 29. Kf2 f5 30. Re1 f4 31. g3 g5 32. Re2 Kf7 33. Re1 Kf6 34. Re2 Re6 35. Re1 R8e7 36. Re2 Kf7 37. Re1 Ke8 38. Re2 Kd7 39. Re1 Kd6 40. Re2 Re8 41. Re1 R6e7 42. Re2 Bc8 43. Re1 h5 44. Re2 fxg3+ 45. hxg3 Rf8 46. Kg2 h4 47. Re1 Ref7 48. e4 dxe4 49. Rxe4 Bb7 50. d5 h3+ 51. Kxh3 Rxf3 52. Rc1 Bc8+ 53. Kg2 Rf2+ 54. Kg1 Rxb2 55. Rd1 Rf3 56. Na6 Rxg3+ 57. Kh1 Bg4 58. Rdd4 0-1

[Event "Krapina op 7th"]
[Site "Krapina"]
[Date "2017.01.14"]
[Round "5"]
[White "Kostelac, Tea"]
[Black "Rickovic, Tomislav"]
[Result "0-1"]
[WhiteElo "1333"]
[BlackElo "1597"]
[PlyCount "88"]
[EventDate "2017.01.12"]
[EventType "swiss"]
[EventRounds "7"]
[EventCountry "CRO"]
[SourceTitle "CBM 176 Extra"]
[Source "ChessBase"]
[SourceDate "2017.03.02"]
[SourceVersion "1"]
[SourceVersionDate "2017.03.02"]
[SourceQuality "1"]

1. e4 c6 2. Nc3 d5 3. exd5 cxd5 4. d4 Bf5 5. Bf4 a6 6. Bd3 Bg6 7. Nf3 Nc6 8. a3 e6 9. 0-0 Bd6 10. Bxd6 Qxd6 11. Re1 Nf6 12. Ne5 0-0 13. Bxg6 hxg6 14. f3 Nxe5 15. Rxe5 Rac8 16. Qd3 Qb6 17. Na4 Qd6 18. Re3 Nd7 19. Rae1 b5 20. Nc3 Nb6 21. Rb1 Nc4 22. Re2 f5 23. Ree1 Kf7 24. g3 g5 25. Kg2 f4 26. g4 Rh8 27. Re2 Rh6 28. Kg1 Rch8 29. Kh1 Rh3 30. Kg1 Ne3 31. Rf2 Nxg4 32. fxg4 Rxd3 33. cxd3 Qb6 34. Ne2 e5 35. dxe5 Rxh2 36. d4 Rh4 37. Rg2 Qe6 38. Rf2 Qxg4+ 39. Rg2 Qf3 40. Rd1 Qe3+ 41. Kf1 f3 42. Rf2 Ke7 43. Ng3 Qf4 44. Rd3 Qc1+ 0-1

[Event "Krapina op 7th"]
[Site "Krapina"]
[Date "2017.01.14"]
[Round "4"]
[White "Rickovic, Tomislav"]
[Black "Franc, Borna"]
[Result "1/2-1/2"]
[WhiteElo "1597"]
[BlackElo "1660"]
[PlyCount "140"]
[EventDate "2017.01.12"]
[EventType "swiss"]
[EventRounds "7"]
[EventCountry "CRO"]
[SourceTitle "CBM 176 Extra"]
[Source "ChessBase"]
[SourceDate "2017.03.02"]
[SourceVersion "1"]
[SourceVersionDate "2017.03.02"]
[SourceQuality "1"]

1. d4 Nf6 2. c4 e6 3. Nc3 Bb4 4. Bg5 h6 5. Bh4 0-0 6. Qc2 b6 7. f3 Bxc3+ 8. bxc3 d5 9. cxd5 exd5 10. e4 g5 11. Bg3 dxe4 12. fxe4 Bb7 13. Bd3 Nxe4 14. Bxe4 Bxe4 15. Qxe4 Re8 16. Be5 Nd7 17. Ne2 f6 18. Qg6+ Kf8 19. Qxh6+ Kf7 20. Qh7+ Kf8 21. Rf1 Nxe5 22. dxe5 Rxe5 23. Qh8+ Kf7 24. Qxd8 Rxd8 25. Rd1 Rde8 26. Rf2 Ra5 27. Rd2 Rae5 28. Kd1 Ke6 29. Nd4+ Kf7 30. Kc2 Rc5 31. Rf5 Rxf5 32. Nxf5 Kg6 33. Nd4 c5 34. Re2 Rh8 35. Nc6 Rxh2 36. Kd3 a6 37. Nb8 a5 38. Nd7 b5 39. Nxc5 Rh8 40. Ne6 Rb8 41. a3 b4 42. cxb4 axb4 43. axb4 Rxb4 44. Ke3 Ra4 45. Kf3 Kf5 46. Ng7+ Kg6 47. Ne8 Rf4+ 48. Kg3 f5 49. Nd6 Rg4+ 50. Kh2 Rh4+ 51. Kg1 f4 52. Re6+ Kh7 53. Nf5 Rh5 54. Kf2 g4 55. Nd4 Rd5 56. Re4 f3 57. gxf3 gxf3 58. Kxf3 Kg6 59. Kf4 Rh5 60. Re6+ Kf7 61. Rb6 Rh2 62. Nf5 Rh1 63. Nh6+ Kg7 64. Kg5 Rg1+ 65. Ng4 Kf7 66. Rc6 Ke7 67. Kf4 Rf1+ 68. Ke4 Re1+ 69. Ne3 Kd7 70. Ra6 Ke7 1/2-1/2